Music Quiz

Random Music or Album Quiz

Incubus Albums Quiz Stats

 Plays Quiz Updated Feb 21, 2020

     
Support Sporcle.
Go Orange.
Score 0/8 Timer 02:00
0 Plays Today
Year Album Title % Correct
2001Morning View
82.2%
1997S.C.I.E.N.C.E.
80.1%
1999Make Yourself
75.8%
2006Light Grenades
72.3%
2004A Crow Left of the Murder...
71.8%
1995Fungus Amongus
64.5%
20178
61.3%
2011If Not Now, When?
7.6%

From the Vault

Zeller's Algorithm

by strags11

This isn't so much of a quiz, as a public service. You're welcome.
Remove Ads.
Support Sporcle.
Get the best of Sporcle when you Go Orange. This ad-free experience offers more features, more stats, and more fun while also helping to support Sporcle. Thank you for becoming a member.

Show Comments

Extras

Top Quizzes Today


Score Distribution

Your Account Isn't Verified!

In order to create a playlist on Sporcle, you need to verify the email address you used during registration. Go to your Sporcle Settings to finish the process.

Report this User

Report this user for behavior that violates our Community Guidelines.

Details: